| 000 | 00979nam a2200265Ia 4500 | ||
|---|---|---|---|
| 001 | ebr10515530 | ||
| 003 | CaPaEBR | ||
| 006 | m u | ||
| 007 | cr cn||||||||| | ||
| 008 | 111102s2005 si s 000 0 eng d | ||
| 020 | _z9789812611925 | ||
| 040 |
_aCaPaEBR _cCaPaEBR |
||
| 035 | _a(OCoLC)769190305 | ||
| 050 | 1 | 4 |
_aT59.77 _b.F67 2005eb |
| 100 | 1 | _aForsyth, Patrick. | |
| 245 | 1 | 0 |
_aManaging in discomfort zone _h[electronic resource] / _cPatrick Forsyth. |
| 260 |
_aSingapore : _bMarshall Cavendish, _cc2005. |
||
| 300 | _a103 p. | ||
| 533 |
_aElectronic reproduction. _bPalo Alto, Calif. : _cebrary, _d2011. _nAvailable via World Wide Web. _nAccess may be limited to ebrary affiliated libraries. |
||
| 650 | 0 | _aManagement. | |
| 650 | 0 | _aWork environment. | |
| 655 | 7 |
_aElectronic books. _2local |
|
| 710 | 2 | _aebrary, Inc. | |
| 856 | 4 | 0 |
_uhttp://site.ebrary.com/lib/rucke/Doc?id=10515530 _zAn electronic book accessible through the World Wide Web; click to view |
| 999 |
_c122341 _d122341 |
||